000 00974nam a2200313 a 4500
001 74589
003 BD-RjUL
005 20211209082556.0
008 930720s2015 ii 001 0 eng d
020 _a9789339203405
035 _a(BD-RjUL)74807
040 _aDLC
_cDLC
_dDLC
_dBD-RjUL
_beng
041 _aeng
082 0 0 _a621.395
_220
_bLED 2015
100 1 _aLeach, Donald P.
_9224451
245 1 0 _aDigital principles and applications /
_cDonald P. Leach, Albert Paul Malvino and Goutam Saha
250 _a8th ed.
260 _aNew Delhi :
_b McGraw Hill Education,
_cc2015
300 _axxi, 705 pages ;
_c24 cm.
500 _aIncludes index.
650 0 _aDigital electronics.
_9224452
650 0 _aElectronic digital computers
_xCircuits.
_9224453
700 1 _aMalvino, Albert Paul.
_9224456
700 1 _aMalvino, Albert Paul.
_9224456
700 1 _aSaha, Goutam
_9224457
942 _2ddc
_cBK
999 _c74589
_d74589